Facets of the faith. (Record no. 13697)

000 -LEADER
fixed length control field 00576nam a2200193 a 4500
001 - CONTROL NUMBER
control field :::00011520$&:&@@
003 - CONTROL NUMBER IDENTIFIER
control field OkBaRHE
005 - DATE AND TIME OF LATEST TRANSACTION
control field 20100402115703.0
008 - FIXED-LENGTH DATA ELEMENTS--GENERAL INFORMATION
fixed length control field s1982 j 000 0 eng u
040 ## - CATALOGING SOURCE
Transcribing agency
100 1# - MAIN ENTRY--PERSONAL NAME
Personal name Fullam, Everett L.
245 10 - TITLE STATEMENT
Title Facets of the faith.
260 ## - PUBLICATION, DISTRIBUTION, ETC. (IMPRINT)
Place of publication, distribution, etc Lincoln, VA., :
Name of publisher, distributor, etc Chosen Books
Date of publication, distribution, etc 1982
300 ## - PHYSICAL DESCRIPTION
Extent 133 p. ;
Dimensions 21 cm.
650 ## - SUBJECT ADDED ENTRY--TOPICAL TERM
Topical term or geographic name as entry element Episcopal Church
General subdivision Sermons
650 ## - SUBJECT ADDED ENTRY--TOPICAL TERM
Topical term or geographic name as entry element Sermons, American
942 ## - ADDED ENTRY ELEMENTS (KOHA)
Source of classification or shelving scheme
Koha item type Books
Copies
Barcode Permanent Location Date last seen Lost status Withdrawn status Source of classification or shelving scheme Damaged status Copy number Full call number Date acquired Koha item type Price effective from Shelving location Not for loan
11520RHEMA Bible Training College2010-04-14    1BX 5937 .F79 F332010-04-14Books2010-04-14General Stacks